000 00715nam a2200265Ia 4500
005 20260121165641.0
008 008 260114s9999 xx 000 0 eng d
020 _a9783662535806
037 _aEBOOK
040 _aCRL
040 _beng
040 _cCRL
041 _2eng
041 _aeng
084 _qCRL
100 _aNgoc Thanh Nguyen, Ryszard Kowalczyk, Cezary Or?owski, Artur Zió?kowski
_91054352
245 0 _aTransactions on Computational Collective Intelligence XXV
260 _bSpringer
260 _bSpringer
260 _c2016
856 _uhttps://link.springer.com/openurl?genre=book&isbn=978-3-662-53580-6
942 _cEBOOK
999 _c1620078
_d1620078